书目信息 |
| 题名: |
中低速磁浮交通运行控制技术规范= Technical code for automatic train control of medium and low speed maglev transit
|
|
| 作者: | 中华人民共和国住房和城乡建设部批准 | |
| 分册: | ||
| 出版信息: | 北京 中国建筑工业出版社 2017.05 |
|
| 页数: | 64页 | |
| 开本: | 20cm | |
| 丛书名: | 中华人民共和国行业标准 | |
| 单 册: | ||
| 中图分类: | U237-65 | |
| 科图分类: | ||
| 主题词: | 铁路--特种 | |
| 电子资源: | ||
| ISBN: | ||
| 000 | 01078nam0 2200229 450 | |
| 001 | 1933876178 | |
| 005 | 20190319092502.35 | |
| 010 | @dRMB 12.00 | |
| 100 | @a20190318d2017 km y0chiy0120 ea | |
| 101 | 0 | @achi |
| 102 | @aCN@b110000 | |
| 200 | 1 | @a 中低速磁浮交通运行控制技术规范= Technical code for automatic train control of medium and low speed maglev transit@AZhong Di Su Ci Fu Jiao Tong Yun Xing Kong Zhi Ji Shu Gui Fan=Technical code for automatic train control of medium and low speed maglev transit@eCJJ/T 255-2017@f中华人民共和国住房和城乡建设部批准@FZhong Hua Ren Min Gong He Guo Zhu Fang He Cheng Xiang Jian She Bu Pi Zhun |
| 210 | @a北京@c中国建筑工业出版社@d2017.05 | |
| 215 | @a64页@d20cm | |
| 225 | 2 | @a中华人民共和国行业标准 |
| 410 | 0 | @12001 @a中华人民共和国行业标准 |
| 517 | 1 | @aCJJ/T 255-2017 |
| 606 | 0 | @a铁路@x特种 |
| 690 | @aU237-65@v4 | |
| 701 | 0 | @a中华人民共和国住房和城乡建设部批准@AZhong Hua Ren Min Gong He Guo Zhu Fang He Cheng Xiang Jian She Bu Pi Zhun |
| 801 | 0 | @aCN@b大连网信软件有限公司图书馆·11@c20190318 |
| 905 | @aZUCC@dU237-65@eZ9111 | |
| 中低速磁浮交通运行控制技术规范= Technical code for automatic train control of medium and low speed maglev transit:CJJ/T 255-2017/中华人民共和国住房和城乡建设部批准.-北京:中国建筑工业出版社,2017.05 |
| 64页;20cm.-(中华人民共和国行业标准) |
| ISBN :RMB 12.00 |
| ● |
| 相关链接 |
|
|
|
正题名:中低速磁浮交通运行控制技术规范= Technic
索取号:U237-65/Z9111
 
预约/预借
| 序号 | 登录号 | 条形码 | 馆藏地/架位号 | 状态 | 备注 |
| 1 | 1305017 | 213050179 | 自科库501/501自科库 79排1列2层/ [索取号:U237-65/Z9111] | 在馆 |